Obscure Geography by Letter - B - Statistics

General Stats
  • This quiz has been taken 20 times
  • The average score is 9 of 20
Answer Stats
Hint Answer % Correct
Mountainous pine region in Germany {Black} Forest
100%
Mediterranean island group of Spain Balearic
94%
Celtic peninsula region in northwest France Brittany
83%
Hungarian shallow freshwater lake Balaton
78%
Central region of the Czech Republic Bohemia
78%
Monument marking the entry to Berlin Brandenburg Gate
78%
Second largest Czech city Brno
67%
Bay between Greenland and Canada Baffin Bay
61%
Former capital city of Burundi Bujumbura
56%
Shallow shelf sea north of Norway and Russia {Barents} Sea
50%
Caribbean island North of of Venezuela Bonaire
50%
Waterway dividing Europe and Asia in Istanbul Bosporus
50%
Capital of Minas Gerais state of Brazil Belo Horizonte
44%
Suburban city located near Toronto Brampton
17%
One of the five regions of Belarus Brest
17%
Strait between Tasmania and Australia {Bass} Strait
11%
Equatorial Guinea's volcanic regions Bioko
6%
Large forest tract Poland/Belarus Bialowieza
0%
Sister range to the Rockies in Wyoming Bighorn
0%
North island in Papua New Guinea Buka
0%
No matching quizzes found
Score Distribution
Percent of People with Each Score
Percentile by Number Answered
Your Score History
You have not taken this quiz